Eastern Utah Libraries Catalog: Duchesne, Heber, Roosevelt, & Vernal

Paul Blart, Mall Cop ; Paul Blart, Mall Cop 2 (Record no. 310979)

MARC details
000 -LEADER
fixed length control field 04944cgm a2200973Mi 4500
001 - CONTROL NUMBER
control field on1037892984
003 - CONTROL NUMBER IDENTIFIER
control field OCoLC
005 - DATE AND TIME OF LATEST TRANSACTION
control field 20251110114121.0
007 - PHYSICAL DESCRIPTION FIXED FIELD--GENERAL INFORMATION
fixed length control field vd cvaizq
008 - FIXED-LENGTH DATA ELEMENTS--GENERAL INFORMATION
fixed length control field 170113s2017 cau185 e vleng d
020 ## - INTERNATIONAL STANDARD BOOK NUMBER
International Standard Book Number 9786316780522
020 ## - INTERNATIONAL STANDARD BOOK NUMBER
International Standard Book Number 6316780524
020 ## - INTERNATIONAL STANDARD BOOK NUMBER
Terms of availability 10.00
024 7# - OTHER STANDARD IDENTIFIER
Standard number or code 00043396500723
Source of number or code gtin-14
024 1# - OTHER STANDARD IDENTIFIER
Standard number or code 043396500723
028 42 - PUBLISHER NUMBER
Publisher number 50072
Source Sony Pictures Home Entertainment
035 ## - SYSTEM CONTROL NUMBER
System control number (OCoLC)1037892984
040 ## - CATALOGING SOURCE
Original cataloging agency ETC
Language of cataloging eng
Description conventions rda
Transcribing agency ETC
Modifying agency OCLCO
-- OCLCF
-- OCLCA
-- WACOL
041 1# - LANGUAGE CODE
Language code of text/sound track or separate title eng
Language code of original and/or intermediate translations of text eng
046 ## - SPECIAL CODED DATES
Beginning or single date created 2009
-- 2015
049 ## - LOCAL HOLDINGS (OCLC)
Holding library WACL
092 ## - LOCALLY ASSIGNED DEWEY CALL NUMBER (OCLC)
Classification number DVD
Item number Lau
245 04 - TITLE STATEMENT
Title Paul Blart, Mall Cop ; Paul Blart, Mall Cop 2
Medium [DVD] /
Statement of responsibility, etc Columbia Pictures.
246 3# - VARYING FORM OF TITLE
Title proper/short title Paul Blart : mall cop
246 3# - VARYING FORM OF TITLE
Title proper/short title Paul Blart : mall cop 2
250 ## - EDITION STATEMENT
Edition statement Widescreen edition.
264 #1 - Production, Publication, Distribution, Manufacture, and Copyright Notice.
Place of production, publication, distribution, manufacture Culver City, CA :
Name of producer, publisher, distributor, manufacturer Columbia Pictures,
Date of production, publication, distribution, manufacture, or copyr [2017]
300 ## - PHYSICAL DESCRIPTION
Extent 1 videodisc (185 minutes) :
Other physical details sound, color ;
Dimensions 4 3/4 in.
336 ## - Content Type
Content type term two-dimensional moving image
337 ## - Media type
Media type term video
338 ## - Carrier type
Carrier type term videodisc
500 ## - GENERAL NOTE
General note Originally released motion picture in 2009 and 2015.
500 ## - GENERAL NOTE
General note Dolby digital 5.1, wide screen 1.85:1.
505 0# - FORMATTED CONTENTS NOTE
Formatted contents note Paul Blart, mall cop (2009) / produced by Barry Bernardi, Todd Garner, Jack Giarraputo, Kevin James, Adam Sandler ; written by Kevin James, Nick Bakay ; directed by Steve Carr -- Paul Blart, mall cop 2 (2015) / produced by Todd Garner, Jack Giarraptuo, Kevin James, Adam Sandler ; written by Kevin James, Nick Bakay ; directed by Andy Fickman.
505 0# - FORMATTED CONTENTS NOTE
Formatted contents note Paul Blart: mall cop (2009) / Columbia Pictures presents ; in association with Relativity Media ; a Happy Madison production ; written by Kevin James, Nick Bakay ; produced by Adam Sandler [and three others] ; directed by Steve Carr (approximately 91 min.) -- Paul Blart: mall cop 2 (2015) / Columbia Pictures presents ; in association with LStar Capital ; a Happy Madison/Hey Eddie/Broken Road production ; written by Kevin James & Nick Bakay ; produced by Todd Garner [and three others] ; directed by Andy Fickman (approximately 94 min.).
511 1# - PARTICIPANT OR PERFORMER NOTE
Participant or performer note Kevin James, Keir O'Donnell, Jayma Mays, Raini Rodriguez, Eduardo Verástegui.
520 ## - SUMMARY, ETC.
Summary, etc Paul Blart, mall cop: A New Jersey mall security guard who takes his job very seriously has a chance to prove himself when a group of thieves dressed as Santa's helpers seize the mall and take hostages.
520 ## - SUMMARY, ETC.
Summary, etc Paul Blart, mall cop 2: When Paul Blart attends a security officers convention in Las Vegas with his teenage daughter, he inadvertently prevents the robbery of valuable artwork from the hotel.
521 8# - TARGET AUDIENCE NOTE
Target audience note Rating: PG ; for some violence, mild crude and suggestive humor, and language.
538 ## - SYSTEM DETAILS NOTE
System details note DVD.
540 ## - TERMS GOVERNING USE AND REPRODUCTION NOTE
Terms governing use and reproduction For private home use only.
546 ## - LANGUAGE NOTE
Language note Closed-captioned.
546 ## - LANGUAGE NOTE
Language note English dialogue; English subtitles; subtitled for the deaf and hard of hearing (SDH).
650 #0 - SUBJECT ADDED ENTRY--TOPICAL TERM
Topical term or geographic name as entry element DVDs.
9 (RLIN) 98545
650 #0 - SUBJECT ADDED ENTRY--TOPICAL TERM
Topical term or geographic name as entry element Shopping malls
Geographic subdivision New Jersey
Form subdivision Drama.
9 (RLIN) 6510175
650 #0 - SUBJECT ADDED ENTRY--TOPICAL TERM
Topical term or geographic name as entry element Police, Private
Form subdivision Drama.
9 (RLIN) 6376876
650 #0 - SUBJECT ADDED ENTRY--TOPICAL TERM
Topical term or geographic name as entry element Thieves
Form subdivision Drama.
9 (RLIN) 5716353
650 #7 - SUBJECT ADDED ENTRY--TOPICAL TERM
Topical term or geographic name as entry element DVDs.
Source of heading or term fast
9 (RLIN) 98545
650 #7 - SUBJECT ADDED ENTRY--TOPICAL TERM
Topical term or geographic name as entry element Police, Private.
Source of heading or term fast
9 (RLIN) 5975667
650 #7 - SUBJECT ADDED ENTRY--TOPICAL TERM
Topical term or geographic name as entry element Shopping malls.
Source of heading or term fast
9 (RLIN) 5975668
650 #7 - SUBJECT ADDED ENTRY--TOPICAL TERM
Topical term or geographic name as entry element Thieves.
Source of heading or term fast
9 (RLIN) 5975669
651 #7 - SUBJECT ADDED ENTRY--GEOGRAPHIC NAME
Geographic name New Jersey.
Source of heading or term fast
9 (RLIN) 5975670
655 #7 - INDEX TERM--GENRE/FORM
Genre/form data or focus term Comedy films.
Source of term lcgft
9 (RLIN) 102658
655 #7 - INDEX TERM--GENRE/FORM
Genre/form data or focus term Action and adventure films.
Source of term lcgft
9 (RLIN) 5674017
655 #7 - INDEX TERM--GENRE/FORM
Genre/form data or focus term Feature films.
Source of term lcgft
9 (RLIN) 5975671
655 #7 - INDEX TERM--GENRE/FORM
Genre/form data or focus term Fiction films.
Source of term lcgft
9 (RLIN) 5674705
655 #7 - INDEX TERM--GENRE/FORM
Genre/form data or focus term Video recordings for the hearing impaired.
Source of term lcgft
9 (RLIN) 5975672
655 #7 - INDEX TERM--GENRE/FORM
Genre/form data or focus term Action and adventure films.
Source of term fast
9 (RLIN) 5674017
655 #7 - INDEX TERM--GENRE/FORM
Genre/form data or focus term Comedy films.
Source of term fast
9 (RLIN) 102658
655 #7 - INDEX TERM--GENRE/FORM
Genre/form data or focus term Drama.
Source of term fast
9 (RLIN) 5673873
655 #7 - INDEX TERM--GENRE/FORM
Genre/form data or focus term Feature films.
Source of term fast
9 (RLIN) 5975671
655 #7 - INDEX TERM--GENRE/FORM
Genre/form data or focus term Fiction films.
Source of term fast
9 (RLIN) 5674705
655 #7 - INDEX TERM--GENRE/FORM
Genre/form data or focus term Video recordings for the hearing impaired.
Source of term fast
9 (RLIN) 5975672
700 1# - ADDED ENTRY--PERSONAL NAME
Personal name James, Kevin,
Dates associated with a name 1965-
Relator term (Actor)
Relator code aus
9 (RLIN) 71812
700 1# - ADDED ENTRY--PERSONAL NAME
Personal name Mays, Jayma,
Dates associated with a name 1979-
Relator code act
9 (RLIN) 5869205
700 1# - ADDED ENTRY--PERSONAL NAME
Personal name O'Donnell, Keir,
Relator code act
9 (RLIN) 5975673
700 1# - ADDED ENTRY--PERSONAL NAME
Personal name Rodriguez, Raini,
Dates associated with a name 1993-
Relator code act
9 (RLIN) 5975674
700 1# - ADDED ENTRY--PERSONAL NAME
Personal name McDonough, Neal,
Relator code act
9 (RLIN) 1018
700 1# - ADDED ENTRY--PERSONAL NAME
Personal name Bakay, Nick,
Dates associated with a name 1958-
Relator code aus
9 (RLIN) 52277
700 1# - ADDED ENTRY--PERSONAL NAME
Personal name Sandler, Adam,
Relator code fmp
9 (RLIN) 62036
700 1# - ADDED ENTRY--PERSONAL NAME
Personal name Carr, Steven
Titles and other words associated with a name (Director)
Relator code drt
9 (RLIN) 5813754
700 1# - ADDED ENTRY--PERSONAL NAME
Personal name Garner, Todd,
Relator code fmp
9 (RLIN) 74018
700 1# - ADDED ENTRY--PERSONAL NAME
Personal name Fickman, Andy,
Relator code fmd
9 (RLIN) 72528
710 2# - ADDED ENTRY--CORPORATE NAME
Corporate name or jurisdiction name as entry element Columbia Pictures Corporation.
Relator code pbl
9 (RLIN) 15602
710 2# - ADDED ENTRY--CORPORATE NAME
Corporate name or jurisdiction name as entry element Relativity Media.
Relator code pre
9 (RLIN) 73590
710 2# - ADDED ENTRY--CORPORATE NAME
Corporate name or jurisdiction name as entry element Happy Madison (Firm)
Relator code prn
9 (RLIN) 69685
710 2# - ADDED ENTRY--CORPORATE NAME
Corporate name or jurisdiction name as entry element LStar Capital (Firm)
Relator code pre
9 (RLIN) 5975675
710 2# - ADDED ENTRY--CORPORATE NAME
Corporate name or jurisdiction name as entry element Hey Eddie (Firm),
Relator code prn
9 (RLIN) 5975676
710 2# - ADDED ENTRY--CORPORATE NAME
Corporate name or jurisdiction name as entry element Broken Road Productions.
Relator code prn
9 (RLIN) 5867645
730 02 - ADDED ENTRY--UNIFORM TITLE
Uniform title Paul Blart, mall cop (Motion picture).
Medium Two-dimensional moving image.
9 (RLIN) 5975677
730 02 - ADDED ENTRY--UNIFORM TITLE
Uniform title Paul Blart, mall cop 2 (Motin picture).
Medium Two-dimensional moving image.
9 (RLIN) 5975678
942 ## - ADDED ENTRY ELEMENTS (KOHA)
Koha item type DVD
Source of classification or shelving scheme Dewey Decimal Classification
948 ## - LOCAL PROCESSING INFORMATION (OCLC); SERIES PART DESIGNATOR (RLIN)
Series part designator, SPT (RLIN) 08/06/2018
z (OCLC) Sirsi
Holdings
Withdrawn status Lost status Source of classification or shelving scheme Damaged status Not for loan Collection code Home library Current library Shelving location Date acquired Source of acquisition Cost, normal purchase price Total Checkouts Total Renewals Full call number Barcode Date last seen Date checked out Cost, replacement price Price effective from Koha item type
    Dewey Decimal Classification     Movies Wasatch County Library Wasatch County Library Audio Visual Area 08/06/2018 Amazon 10.00 20 14 DVD Pau 34301001556630 11/03/2025 08/25/2025 10.00 03/20/2020 DVD
This project was made possible through a grant from the Institute of Museum and Library Service administered by the Utah State Library Division.

Wasatch County Library

  • 465 East 1200 South, Heber City, Utah 84032
  • Phone 435-654-1511 | Fax 435-654-6456

Hours

  • Monday - Friday 9:30 AM - 8:00 PM
  • Saturday 9:30 AM - 1:30 PM
  • Closed Sundays and Holidays